El complot de Las Flores /
Una familia llega desde una gran ciudad a un pueblo con tan pocos habitantes que corre el riesgo de desaparecer. Sus pobladores idean un plan misterioso para salvarlo, en el que Mara, una chica de 14 años, ocupará un lugar protagónico e involuntario. La complicidad y la esperanza unen a los que está...
Guardado en:
| Autor Principal: | |
|---|---|
| Formato: | Libro |
| Publicado: |
Buenos Aires :
SM,
2007.
|
| Series: | El barco de vapor ;
152 |
| Materias: | |
| Etiquetas: |
Agregar Etiqueta
Sin Etiquetas, Sea el primero en etiquetar este registro!
|
| LEADER | 01333nam a22002895a 4500 | ||
|---|---|---|---|
| 001 | CEM.cems012833 | ||
| 008 | 130507s2007##################000#0#####d | ||
| 005 | 20260617171107.0 | ||
| 245 | 1 | 0 | |a El complot de Las Flores / |c Andrea Ferrari. |
| 260 | |a Buenos Aires : |b SM, |c 2007. | ||
| 300 | |a 137 p. | ||
| 490 | 0 | |a El barco de vapor ; |v 152 | |
| 500 | |a A partir de 12 años | ||
| 520 | |a Una familia llega desde una gran ciudad a un pueblo con tan pocos habitantes que corre el riesgo de desaparecer. Sus pobladores idean un plan misterioso para salvarlo, en el que Mara, una chica de 14 años, ocupará un lugar protagónico e involuntario. La complicidad y la esperanza unen a los que están y a los que han llegado para que Las Flores...florezca otra vez. | ||
| 020 | |a 9789871098231 | ||
| 100 | 1 | |a Ferrari, Andrea | |
| 082 | 0 | 4 | |a A863.4 |
| 653 | |a Literatura | ||
| 653 | |a Literatura argentina | ||
| 653 | |a Literatura juvenil | ||
| 653 | |a Literatura argentina juvenil | ||
| 653 | |a Novelas | ||
| 653 | |a Novela argentina juvenil | ||
| 859 | |a CEMS |b BIB. CEMS - Inicial y Primaria |h A863.4 |i F412-2 |k IP |p 4397 |t Ej.1 | ||
| 859 | |a CEMS |b BIB. CEMS - 11 de abril |h A863.4 |i F412 |p 25096.08 |t Ej.1 | ||
| 859 | |a CEMS |b BIB. CEMS - 11 de abril |h A863.4 |i F412 |p 25097.08 |t Ej.2 | ||
| 859 | |a CEMS |b BIB. CEMS - 11 de abril |h A863.4 |i F412 |p 30818.26 |t Ej.3 | ||
